000 00975nam a2200313 i 4500
001 bg
100 1 _aWierzbicka, Elżbieta.
245 1 0 _aPodstawy stylistyki i retoryki /
_cElżbieta Wierzbicka, Adam Wolański, Dorota Zdunkiewicz-Jedynak.
260 _aWarszawa :
_bWydawnictwo Naukowe PWN,
_c2008.
300 _a179 s. ;
_c24 cm.
490 1 _aPraktyczny Pomocnik Studenta
504 _aIndeks.
650 9 _aJęzyk polski
_xstylistyka
650 9 _aRetoryka
655 _aPodręczniki akademickie
700 1 _aWolański, Adam.
700 1 _aZdunkiewicz-Jedynak, Dorota
_d(1962- ).
830 _aPraktyczny Pomocnik Studenta
015 _aPB 26770/2008
020 _a9788301155643
040 _cBPK
041 _apol
044 _aPOL
080 _a811.162.1'38:808.5](075.8)
920 _a978-83-15564-3
942 _cKS
008 081021s2008 pl f f |001 0 pol
999 _c55846
_d55846